| 000 | 01913nam0a2200361 4500 | ||
|---|---|---|---|
| 001 | RU\NLR\bibl\117235 | ||
| 005 | 20250617095012.0 | ||
| 010 |
_a5-89035-023-4 _95000 |
||
| 021 |
_aRU _b2000-28996 _91370 |
||
| 035 | _a(NLR Aleph) 000114810 | ||
| 090 |
_a652251 _c652251 |
||
| 100 | _a20001110d1999 |||y0rusy50 ca | ||
| 101 | 0 | _arus | |
| 102 | _aRU | ||
| 105 | _aa ||||||||| | ||
| 200 | 1 |
_aОсновы изысканий и проектирования железных дорог _eУчеб. для студентов техникумов и колледжей ж.-д. транспорта _fИ.И. Кантор |
|
| 210 |
_aМ. _cУМК МПС России _d1999 |
||
| 215 |
_a310,[1] с. _cил. _d20 |
||
| 320 | _aБиблиогр.: с. 302-304 (37 назв.) | ||
| 320 | _aПредм. указ.: с. 305-308 | ||
| 606 | 0 |
_aЖелезные дороги _jРуководства, пособия и т.п. для техникумов _xПроектирование _91032753 _3RU\NLR\auth\66396440 |
|
| 606 | 0 |
_aЖелезные дороги _jУчебные издания для среднего профессионального образования _xПроектирование _91032753 _3RU\NLR\auth\66396440 |
|
| 606 | 0 |
_aЖелезные дороги _jРуководства, пособия и т.п. для техникумов _xИзыскания _91086862 _3RU\NLR\auth\66425695 |
|
| 606 | 0 |
_aЖелезные дороги _jУчебные издания для среднего профессионального образования _xИзыскания _91086862 _3RU\NLR\auth\66425695 |
|
| 686 | _aО20-02я723-1 | ||
| 700 | 1 |
_aКантор _bИ. И. _gИзраиль Иосифович _4070 |
|
| 801 | 0 |
_aRU _bNLR _c20001110 _gPSBO |
|
| 801 | 1 |
_aRU _bNLR _c20001110 |
|
| 830 | _aАвт. по кн. | ||
| 852 |
_aNLR _j2000-3/13331 |
||
| 942 | _cBOOK | ||
| 980 | _aNB | ||